[Event "AUS-ch Major"]
[Site "Cammeray"]
[Date "2010.01.10"]
[Round "8"]
[White "Gillespie, Gary"]
[Black "Weller, Tony"]
[Result "1/2-1/2"]
[WhiteElo "1839"]
[BlackElo "1736"]
[PlyCount "76"]
[EventDate "2010.01.02"]
[EventType "swiss"]
[EventRounds "11"]
[EventCountry "AUS"]
[SourceTitle "EXT 2011"]
[Source "ChessBase"]
[SourceDate "2010.11.26"]
[SourceVersion "1"]
[SourceVersionDate "2010.11.26"]
[SourceQuality "1"]

1. e4 c5 2. Nf3 e6 3. b3 Nc6 4. Bb2 Nf6 5. e5 Nd5 6. c4 Nde7 7. d4 cxd4 8. Nxd4 Qa5+ 9. Bc3 Qxe5+ 10. Be2 Nxd4 11. Bxd4 Qg5 12. 0-0 Nf5 13. Bb2 Bc5 14. Nc3 0-0 15. Ne4 Qe7 16. Nxc5 Qxc5 17. Bd3 b6 18. a3 Ne7 19. b4 Qg5 20. f4 Qh6 21. Rf3 Ng6 22. f5 exf5 23. Bxf5 Bb7 24. Rg3 Qf4 25. Bxg6 fxg6 26. Qd4 Qxd4+ 27. Bxd4 Rf4 28. Rd1 Raf8 29. c5 Ba6 30. h3 Be2 31. Rd2 Rf1+ 32. Kh2 Rd1 33. Rxd1 Bxd1 34. cxb6 axb6 35. Bxb6 Ba4 36. Rd3 Re8 37. Bc5 h5 38. Rd2 Re6 1/2-1/2

[Event "AUS-ch Major"]
[Site "Cammeray"]
[Date "2010.01.07"]
[Round "5"]
[White "Erkan, Mustafa"]
[Black "Gillespie, Gary"]
[Result "1/2-1/2"]
[WhiteElo "1638"]
[BlackElo "1839"]
[PlyCount "47"]
[EventDate "2010.01.02"]
[EventType "swiss"]
[EventRounds "11"]
[EventCountry "AUS"]
[SourceTitle "EXT 2011"]
[Source "ChessBase"]
[SourceDate "2010.11.26"]
[SourceVersion "1"]
[SourceVersionDate "2010.11.26"]
[SourceQuality "1"]

1. d4 Nf6 2. Nc3 d5 3. Bg5 Bf5 4. Bxf6 exf6 5. e3 Bb4 6. Bd3 Bg6 7. Nge2 Nd7 8. 0-0 c6 9. f3 Qc7 10. e4 dxe4 11. fxe4 Bd6 12. g3 Bh5 13. Qd2 Bxe2 14. Nxe2 g5 15. c4 c5 16. b4 cxd4 17. Nxd4 Bxg3 18. Nb5 Qb8 19. hxg3 Qxg3+ 20. Qg2 Qxd3 21. Nc7+ Ke7 22. Nxa8 Rxa8 23. Rad1 Qe3+ 24. Qf2 1/2-1/2